000 00262nam a2200097Ia 4500
005 20251222114342.0
008 251222s1900||||xx |||||||||||||| ||spa||
082 _aDVD191.1/U61C/2005
245 0 _aCharla: cómo estructurar adecuadamente un flujo de caja:
942 _cDVD
999 _c916
_d916